[Event "Guelph int"]
[Site "Guelph CAN"]
[Date "2005.07.30"]
[Round "6"]
[White "Aronov, Yuri"]
[Black "Thavandiran, Shiyam"]
[Result "1/2-1/2"]
[WhiteElo "2220"]
[BlackElo "2191"]
[PlyCount "96"]
[EventDate "2005.07.28"]
[EventType "swiss"]
[EventRounds "9"]
[EventCountry "CAN"]

1. d4 Nf6 2. c4 e6 3. Nf3 b6 4. Nc3 Bb7 5. Bg5 Bb4 6. Qb3 Bxc3+ 7. Qxc3 d6 8.
e3 Nbd7 9. Be2 Qe7 10. Qc2 Be4 11. Qxe4 Nxe4 12. Bxe7 Kxe7 13. Nd2 Nxd2 14.
Kxd2 c5 15. Bf3 Rac8 16. b3 f5 17. dxc5 dxc5 18. Kc2 g5 19. Be2 e5 20. f4 Rcg8
21. Rhg1 Ke6 22. fxg5 Rxg5 23. g4 Nf6 24. gxf5+ Rxf5 25. Raf1 Rg8 26. Rxg8 Rxf1
27. Bxf1 Nxg8 28. Bh3+ Kf7 29. Kd3 Nf6 30. Bf5 Kg7 31. a3 Kh6 32. b4 Kg5 33.
Bc8 h5 34. bxc5 bxc5 35. Ke2 Kh4 36. Kf3 a5 37. Bf5 Kg5 38. Be6 e4+ 39. Kg3 h4+
40. Kg2 Ne8 41. Bf7 Nd6 42. Bd5 Nf5 43. Kf2 Nd6 44. Kg2 Kg4 45. Be6+ Kg5 46.
Bd5 Nf5 47. Kf2 Nd6 48. Kg2 Nf5 1/2-1/2

[Event "Guelph int"]
[Site "Guelph CAN"]
[Date "2005.07.31"]
[Round "8"]
[White "Thavandiran, Shiyam"]
[Black "Plotkin, Victor"]
[Result "1-0"]
[WhiteElo "2191"]
[BlackElo "2192"]
[PlyCount "149"]
[EventDate "2005.07.28"]
[EventType "swiss"]
[EventRounds "9"]
[EventCountry "CAN"]

1. e4 e5 2. Nf3 d6 3. d4 exd4 4. Nxd4 Nf6 5. Nc3 Be7 6. g3 O-O 7. Bg2 Nc6 8.
O-O Bd7 9. Nde2 Re8 10. h3 Bf8 11. g4 Be6 12. Ng3 Nd7 13. f4 f6 14. b3 Nc5 15.
Nd5 Ne7 16. Bb2 Nxd5 17. exd5 Bf7 18. c4 a5 19. Qd4 Bg6 20. h4 Qd7 21. Bf3 h6
22. Kg2 Qe7 23. h5 Bh7 24. f5 Qe3 25. Qxe3 Rxe3 26. Ne2 Kh8 27. Bd4 Re7 28. Nf4
Nd7 29. Rfe1 Ne5 30. Re3 b6 31. Kg3 Rd7 32. Ng6+ Bxg6 33. fxg6 Re7 34. Be4 Ree8
35. Bf5 Red8 36. Rc3 Be7 37. Be6 Re8 38. Rcc1 Bd8 39. a3 c5 40. Bxe5 fxe5 41.
Rf1 Bf6 42. Kf3 e4+ 43. Kxe4 Bxa1 44. Rxa1 Rf8 45. Bf7 Ra7 46. a4 Re7+ 47. Kd3
Re5 48. Rf1 Re7 49. Rf4 Re1 50. Re4 Rb1 51. Kc2 Rg1 52. Re6 Rd8 53. Re4 Rg3 54.
Be6 Rf8 55. Bf5 Rd8 56. Re7 Rg2+ 57. Kc3 Rg3+ 58. Kb2 Rg2+ 59. Ka3 Rg3 60. Rb7
Kg8 61. Be6+ Kh8 62. Rxb6 Ra8 63. Kb2 Rg2+ 64. Ka3 Rg3 65. Bf5 Kg8 66. Be6+ Kh8
67. Kb2 Rg2+ 68. Kc3 Rg3+ 69. Kd2 Rd8 70. Ke2 Rc3 71. Rb7 Rg3 72. Kf2 Rc3 73.
g5 hxg5 74. h6 Rf8+ 75. Ke2 1-0

[Event "Guelph int"]
[Site "Guelph CAN"]
[Date "2005.08.01"]
[Round "9"]
[White "Hamilton, Robert"]
[Black "Thavandiran, Shiyam"]
[Result "0-1"]
[WhiteElo "2341"]
[BlackElo "2191"]
[PlyCount "48"]
[EventDate "2005.07.28"]
[EventType "swiss"]
[EventRounds "9"]
[EventCountry "CAN"]

1. d4 Nf6 2. c4 e6 3. Nf3 b6 4. g3 Bb7 5. Bg2 Be7 6. O-O O-O 7. Nc3 Ne4 8. Nxe4
Bxe4 9. Bf4 d6 10. Rc1 c5 11. dxc5 dxc5 12. Qb3 Qc8 13. Rcd1 Qb7 14. Qe3 Na6
15. Ne5 Bxg2 16. Rd7 Qc8 17. Kxg2 Bf6 18. Rfd1 Nb4 19. Bg5 Bxe5 20. Qxe5 Qc6+
21. f3 f6 22. Qc3 Nd5 23. R7xd5 exd5 24. cxd5 Qb5 0-1

[Event "CAN-ch U20 2005"]
[Site "Brantford CAN"]
[Date "2005.04.30"]
[Round "1"]
[White "Tam, Timothy"]
[Black "Thavandiran, Shiyam"]
[Result "0-1"]
[WhiteElo "1607"]
[BlackElo "2257"]
[PlyCount "96"]
[EventDate "2005.04.30"]
[EventType "swiss"]
[EventRounds "9"]
[EventCountry "CAN"]

1. e4 e6 2. d4 d5 3. e5 c5 4. Nf3 cxd4 5. Qxd4 Nc6 6. Qf4 g6 7. h4 Bh6 8. Ng5
f6 9. exf6 Qxf6 10. Qxf6 Nxf6 11. Bd2 O-O 12. Na3 Bxg5 13. Bxg5 Ne4 14. f3 Nxg5
15. hxg5 Rf5 16. O-O-O Rxg5 17. Nb5 Bd7 18. Nd6 b6 19. c4 Rf8 20. cxd5 exd5 21.
Nb5 Be6 22. Rh4 Rc8 23. Nd6 Rd8 24. Nb5 d4 25. Nxd4 Rc5+ 26. Nc2 Rc8 27. Kb1
Ne5 28. Ne3 g5 29. Rhd4 Kf7 30. R4d2 Kf6 31. Nd5+ Bxd5 32. Rxd5 Rxd5 33. Rxd5
Ke6 34. Rd2 h5 35. b3 Kf5 36. Rd4 Rc3 37. Kb2 Re3 38. Kc2 Re1 39. Bd3+ Nxd3 40.
Rxd3 Rg1 41. Rd2 h4 42. Rd5+ Kf4 43. Rd4+ Kg3 44. Rg4+ Kf2 45. f4 gxf4 46. Rxh4
Rxg2 47. Rh7 Kg1+ 48. Kd1 f3 0-1

[Event "CAN-ch U20 2005"]
[Site "Brantford CAN"]
[Date "2005.04.30"]
[Round "2"]
[White "Thavandiran, Shiyam"]
[Black "Jiang, Louie"]
[Result "1-0"]
[WhiteElo "2257"]
[BlackElo "1692"]
[PlyCount "41"]
[EventDate "2005.04.30"]
[EventType "swiss"]
[EventRounds "9"]
[EventCountry "CAN"]

1. e4 c5 2. Nf3 d6 3. d4 cxd4 4. Qxd4 Nc6 5. Bb5 Bd7 6. Bxc6 Bxc6 7. Nc3 Nf6 8.
Bg5 e6 9. O-O-O h6 10. Bxf6 Qxf6 11. e5 dxe5 12. Nxe5 Qe7 13. Ne4 Bxe4 14. Qxe4
a6 15. Rd7 Qg5+ 16. f4 Qf5 17. Qxb7 Qxf4+ 18. Rd2 Bb4 19. Qxa8+ Ke7 20. Qb7+
Kf8 21. Qc8+ 1-0

[Event "CAN-ch U20 2005"]
[Site "Brantford CAN"]
[Date "2005.05.01"]
[Round "3"]
[White "Quan Zhe"]
[Black "Thavandiran, Shiyam"]
[Result "0-1"]
[WhiteElo "2402"]
[BlackElo "2257"]
[PlyCount "168"]
[EventDate "2005.04.30"]
[EventType "swiss"]
[EventRounds "9"]
[EventCountry "CAN"]

1. d4 Nf6 2. c4 e6 3. Nf3 b6 4. g3 Bb7 5. Bg2 Be7 6. O-O O-O 7. Re1 d6 8. Nc3
Ne4 9. Qc2 f5 10. d5 Nxc3 11. Qxc3 e5 12. Qc2 Rf7 13. e4 Bc8 14. exf5 Bxf5 15.
Qc3 Nd7 16. Be3 a5 17. Nd2 Nf6 18. Bg5 Nd7 19. Be3 Nf6 20. b3 Qd7 21. Bg5 Raf8
22. Bxf6 Rxf6 23. Qe3 Bh3 24. Ne4 Rh6 25. Bh1 Bf5 26. Bg2 Bh3 27. Bh1 Bf5 28.
Re2 Qe8 29. f3 Qg6 30. Rf1 Bxe4 31. Qxe4 Qxe4 32. Rxe4 Bg5 33. Rd1 Rhf6 34. Kf2
h5 35. h4 Bh6 36. Bg2 g5 37. hxg5 Bxg5 38. Rh1 Rh6 39. a3 Kg7 40. Bf1 Rfh8 41.
f4 Rf6 42. Kf3 Rf7 43. Bh3 Bf6 44. Be6 Rff8 45. Rg1 Rh6 46. g4 Rg6 47. f5 Rg5
48. Rh1 Rh8 49. gxh5 Rhxh5 50. Ree1 Kh6 51. b4 Rxh1 52. Rxh1+ Rh5 53. Rg1 Rh3+
54. Ke2 Bg5 55. bxa5 bxa5 56. a4 Re3+ 57. Kf2 Re4 58. Rh1+ Bh4+ 59. Kg2 Kg5 60.
Rf1 Kf6 61. Rc1 Bg5 62. Rc2 Rd4 63. Rc3 e4 64. c5 Rd2+ 65. Kg3 e3 66. Rc4 Ke5
67. Rg4 Rd1 68. Kf3 Rf1+ 69. Ke2 Rf2+ 70. Ke1 Kf6 71. cxd6 cxd6 72. Re4 Rh2 73.
Bd7 Bh4+ 74. Kd1 Rd2+ 75. Kc1 Bg5 76. Re6+ Kf7 77. Be8+ Kf8 78. Bh5 e2 79. Bxe2
Rxe2+ 80. Kb1 Rxe6 81. fxe6 Ke7 82. Kc2 Kf6 83. Kd3 Ke5 84. Kc4 Bd8 0-1

[Event "CAN-ch U20 2005"]
[Site "Brantford CAN"]
[Date "2005.05.01"]
[Round "4"]
[White "Thavandiran, Shiyam"]
[Black "Rachar, Sean"]
[Result "1-0"]
[WhiteElo "2257"]
[BlackElo "1751"]
[PlyCount "89"]
[EventDate "2005.04.30"]
[EventType "swiss"]
[EventRounds "9"]
[EventCountry "CAN"]

1. e4 c6 2. d4 d5 3. Nc3 dxe4 4. Nxe4 Nd7 5. Bd3 Ngf6 6. Ng5 e6 7. N1f3 Qc7 8.
Qe2 Bd6 9. O-O O-O 10. c4 b6 11. b3 h6 12. Ne4 Nxe4 13. Qxe4 Nf6 14. Qh4 Nh7
15. Qe4 Nf6 16. Qe2 Bb7 17. Bb2 Rad8 18. Rad1 Rfe8 19. Ne5 Nd7 20. Be4 Nxe5 21.
dxe5 Be7 22. Qf3 Rxd1 23. Rxd1 Rb8 24. Kf1 c5 25. Bxb7 Qxb7 26. Qxb7 Rxb7 27.
f4 Kf8 28. g4 g6 29. Ke2 Ke8 30. Bc1 Rd7 31. Rf1 Rd4 32. Be3 Rd8 33. f5 exf5
34. gxf5 g5 35. Rg1 f6 36. e6 h5 37. Kf3 Bd6 38. h3 h4 39. Ke4 Be5 40. Rxg5
fxg5 41. Kxe5 Rd3 42. Bxg5 Rxh3 43. f6 Rh1 44. f7+ Kf8 45. Bh6+ 1-0

[Event "CAN-ch U20 2005"]
[Site "Brantford CAN"]
[Date "2005.05.02"]
[Round "5"]
[White "Zaczek, Jonathan"]
[Black "Thavandiran, Shiyam"]
[Result "0-1"]
[WhiteElo "2012"]
[BlackElo "2257"]
[PlyCount "40"]
[EventDate "2005.04.30"]
[EventType "swiss"]
[EventRounds "9"]
[EventCountry "CAN"]

1. e4 e6 2. d4 d5 3. Nc3 Bb4 4. e5 Ne7 5. a3 Bxc3+ 6. bxc3 c5 7. Qg4 O-O 8. Bd3
f5 9. exf6 Rxf6 10. Bg5 Rf7 11. Qh4 g6 12. Nf3 Nbc6 13. Bf6 Qa5 14. O-O c4 15.
Ne5 Nxe5 16. dxe5 Kf8 17. Be2 Qxc3 18. Rab1 b6 19. Rb3 cxb3 20. Bxe7+ Rxe7 0-1

[Event "CAN-ch U20 2005"]
[Site "Brantford CAN"]
[Date "2005.05.02"]
[Round "6"]
[White "Thavandiran, Shiyam"]
[Black "Boik, Andrew"]
[Result "1-0"]
[WhiteElo "2257"]
[BlackElo "2058"]
[PlyCount "57"]
[EventDate "2005.04.30"]
[EventType "swiss"]
[EventRounds "9"]
[EventCountry "CAN"]

1. e4 c5 2. Nf3 d6 3. d4 cxd4 4. Nxd4 Nf6 5. Nc3 a6 6. Be3 e6 7. f3 Nbd7 8. Qd2
b5 9. g4 h6 10. O-O-O Bb7 11. a3 d5 12. exd5 Nxd5 13. Nxd5 Bxd5 14. Rg1 Rb8 15.
Bf4 Rb7 16. Kb1 Qb6 17. Be3 Qc7 18. f4 Nc5 19. Bg2 b4 20. Bxd5 exd5 21. Nb3
Nxb3 22. Qxd5 Nc5 23. Rge1 Ne6 24. f5 bxa3 25. fxe6 Rxb2+ 26. Ka1 Be7 27. Bf4
Qc8 28. exf7+ Kf8 29. Rxe7 1-0

[Event "CAN-ch U20 2005"]
[Site "Brantford CAN"]
[Date "2005.05.03"]
[Round "7"]
[White "Yu, Jonathan"]
[Black "Thavandiran, Shiyam"]
[Result "0-1"]
[WhiteElo "1974"]
[BlackElo "2257"]
[PlyCount "34"]
[EventDate "2005.04.30"]
[EventType "swiss"]
[EventRounds "9"]
[EventCountry "CAN"]

1. e4 e6 2. d4 d5 3. Nc3 Bb4 4. e5 Ne7 5. a3 Bxc3+ 6. bxc3 b6 7. Qg4 Kf8 8. Nf3
h6 9. h4 Ba6 10. Bxa6 Nxa6 11. h5 c5 12. Nh4 Qc7 13. O-O cxd4 14. Rd1 Qxc3 15.
Rd3 Qxa1 16. Rf3 Qxc1+ 17. Kh2 Qg5 0-1

[Event "CAN-ch U20 2005"]
[Site "Brantford CAN"]
[Date "2005.05.03"]
[Round "9"]
[White "Xia, Angel"]
[Black "Thavandiran, Shiyam"]
[Result "1/2-1/2"]
[WhiteElo "1896"]
[BlackElo "2257"]
[PlyCount "56"]
[EventDate "2005.04.30"]
[EventType "swiss"]
[EventRounds "9"]
[EventCountry "CAN"]

1. e4 e6 2. d4 d5 3. exd5 exd5 4. Bd3 Nc6 5. c3 Bd6 6. Qf3 Be6 7. Ne2 Qd7 8. h3
Nge7 9. Bf4 Bf5 10. Nd2 Bxd3 11. Qxd3 Ng6 12. Bxd6 Qxd6 13. Qf3 O-O 14. O-O
Rfe8 15. Rae1 Re6 16. Ng3 Rae8 17. Nf5 Qd7 18. Rxe6 Rxe6 19. Qg4 Nce7 20. Nf3
Nxf5 21. Qxf5 c6 22. Ng5 Re7 23. Qxd7 Rxd7 24. Re1 Re7 25. Rxe7 Nxe7 26. h4 Nf5
27. g3 Nd6 28. Nf3 f6 1/2-1/2

[Event "Foxwoods op"]
[Site "Connecticut USA"]
[Date "2005.03.23"]
[Round "1"]
[White "Thavandiran, Shiyam"]
[Black "Ivanov, Alexander"]
[Result "0-1"]
[WhiteElo "2174"]
[BlackElo "2563"]
[PlyCount "72"]
[EventDate "2005.03.23"]
[EventType "swiss"]
[EventRounds "9"]
[EventCountry "USA"]
[Source "Mark Crowther"]
[SourceDate "2005.04.04"]

1. e4 g6 2. d4 Bg7 3. Nc3 c6 4. Be3 Qb6 5. Rb1 d6 6. Nge2 Nf6 7. f3 Qc7 8. Qd2
b5 9. g4 h5 10. g5 Nfd7 11. a4 b4 12. Nd1 a5 13. c4 bxc3 14. Ndxc3 O-O 15. Bg2
Nb6 16. b3 d5 17. O-O Rd8 18. Qc2 Na6 19. Rbc1 Nb4 20. Qb1 e5 21. Rfd1 dxe4 22.
fxe4 exd4 23. Nb5 Qe7 24. Nbxd4 Bg4 25. Nf3 Bxf3 26. Bxf3 N6d5 27. Bd2 Qa7+ 28.
Kh1 Ne3 29. Bxb4 Rxd1+ 30. Rxd1 Nxd1 31. Qxd1 axb4 32. e5 Qf2 33. Bxc6 Rc8 34.
Qd7 Rxc6 35. Qxc6 Qxe2 36. Qe8+ Bf8 0-1

[Event "Foxwoods op"]
[Site "Connecticut USA"]
[Date "2005.03.24"]
[Round "2"]
[White "Frumkin, Edward"]
[Black "Thavandiran, Shiyam"]
[Result "0-1"]
[WhiteElo "2057"]
[BlackElo "2174"]
[PlyCount "56"]
[EventDate "2005.03.23"]
[EventType "swiss"]
[EventRounds "9"]
[EventCountry "USA"]
[Source "Mark Crowther"]
[SourceDate "2005.04.04"]

1. c4 Nf6 2. g3 e6 3. Bg2 c5 4. Nf3 Be7 5. O-O O-O 6. b3 d5 7. Bb2 Nc6 8. e3 b6
9. Nc3 Bb7 10. cxd5 exd5 11. d4 Ne4 12. dxc5 Bf6 13. Nd4 bxc5 14. Nxc6 Bxc6 15.
Qc2 Bxc3 16. Bxc3 Re8 17. Rfd1 Qb6 18. Rac1 Rac8 19. Ba1 Bb7 20. Bh3 Rcd8 21.
Bg2 Rc8 22. Bh3 Rcd8 23. Bg2 d4 24. Bxe4 Bxe4 25. Qxc5 Qf6 26. f4 Qa6 27. Rc4
Qxa2 28. Kf1 dxe3 0-1

[Event "Foxwoods op"]
[Site "Connecticut USA"]
[Date "2005.03.24"]
[Round "3"]
[White "Thavandiran, Shiyam"]
[Black "Vasquez, R."]
[Result "1/2-1/2"]
[WhiteElo "2174"]
[BlackElo "2561"]
[PlyCount "128"]
[EventDate "2005.03.23"]
[EventType "swiss"]
[EventRounds "9"]
[EventCountry "USA"]
[Source "Mark Crowther"]
[SourceDate "2005.04.04"]

1. e4 c5 2. Nf3 d6 3. d4 cxd4 4. Nxd4 Nf6 5. Nc3 a6 6. Be3 e6 7. g4 h6 8. f3 b5
9. Qd2 b4 10. Nce2 e5 11. Nf5 d5 12. exd5 Qxd5 13. Bg2 Bb7 14. Qxd5 Bxd5 15.
O-O Nc6 16. Bf2 Rc8 17. h3 Bc4 18. Rfe1 g6 19. Ne3 Bxe2 20. Rxe2 Bc5 21. f4 O-O
22. Nc4 Nd4 23. Rd2 Ne6 24. Nxe5 Nxf4 25. Nd3 Bxf2+ 26. Rxf2 Nxg2 27. Kxg2 Nd5
28. Re1 Rfe8 29. Rxe8+ Rxe8 30. Rd2 a5 31. Kf2 Kg7 32. Re2 Rc8 33. Kf3 Rc4 34.
Re5 Nc7 35. Rxa5 Ne6 36. Ke3 Rxc2 37. Rb5 Rh2 38. Nf2 Nf4 39. Kf3 g5 40. Kg3
Rg2+ 41. Kf3 Rg1 42. Rxb4 Rf1 43. Rb3 Nxh3 44. Kg2 Rxf2+ 45. Kxh3 Rf4 46. Rb5
Kg6 47. b4 h5 48. gxh5+ Kxh5 49. a4 Rf3+ 50. Kg2 Ra3 51. Rf5 Kg6 52. Ra5 g4 53.
b5 Rb3 54. Ra6+ Kg5 55. Rc6 f5 56. Rc5 Rb2+ 57. Kg3 Ra2 58. b6 Ra3+ 59. Kg2
Rxa4 60. Rb5 Ra2+ 61. Kg3 Ra8 62. b7 Rb8 63. Rb4 f4+ 64. Rxf4 Rxb7 1/2-1/2

[Event "Foxwoods op"]
[Site "Connecticut USA"]
[Date "2005.03.25"]
[Round "4"]
[White "Garcia, Gildardo"]
[Black "Thavandiran, Shiyam"]
[Result "1/2-1/2"]
[WhiteElo "2452"]
[BlackElo "2174"]
[PlyCount "69"]
[EventDate "2005.03.23"]
[EventType "swiss"]
[EventRounds "9"]
[EventCountry "USA"]
[Source "Mark Crowther"]
[SourceDate "2005.04.04"]

1. e4 e6 2. d4 d5 3. e5 c5 4. c3 Qb6 5. Nf3 Bd7 6. Na3 cxd4 7. cxd4 Nc6 8. Be2
Bb4+ 9. Kf1 Bxa3 10. bxa3 Na5 11. g3 Bb5 12. Kg2 Bxe2 13. Qxe2 Nc4 14. Bd2 Ne7
15. Bb4 Nc6 16. Bc5 Qa5 17. Rhc1 h6 18. Rab1 b6 19. Bd6 Qa4 20. Nd2 Nxd6 21.
exd6 O-O 22. Qe3 Rad8 23. Qf4 Na5 24. Rc7 Qxa3 25. d7 Qe7 26. Rxa7 Rxd7 27.
Rxd7 Qxd7 28. Rxb6 Qa7 29. Qd6 Nc4 30. Nxc4 dxc4 31. Ra6 Qb7+ 32. Qc6 Qxc6+ 33.
Rxc6 Ra8 34. Rxc4 Rxa2 35. Rc8+ 1/2-1/2

[Event "Foxwoods op"]
[Site "Connecticut USA"]
[Date "2005.03.25"]
[Round "5"]
[White "Thavandiran, Shiyam"]
[Black "Bercys, Salvijus"]
[Result "1-0"]
[WhiteElo "2174"]
[BlackElo "2319"]
[PlyCount "83"]
[EventDate "2005.03.23"]
[EventType "swiss"]
[EventRounds "9"]
[EventCountry "USA"]
[Source "Mark Crowther"]
[SourceDate "2005.04.04"]

1. e4 c5 2. Nf3 d6 3. d4 cxd4 4. Nxd4 Nf6 5. Nc3 a6 6. Be3 e6 7. f3 Qc7 8. g4
h6 9. Bd3 Nbd7 10. Qd2 Ne5 11. O-O-O b5 12. Kb1 Nfd7 13. Qf2 Rb8 14. Bc1 Nc5
15. f4 Nxg4 16. Qe2 b4 17. Ndb5 axb5 18. Bxb5+ Rxb5 19. Nxb5 Qb6 20. Nxd6+ Bxd6
21. Qxg4 g6 22. f5 h5 23. Qg1 exf5 24. exf5 Bxf5 25. Qd4 O-O 26. Bh6 f6 27.
Qxd6 Qxd6 28. Rxd6 Rc8 29. Rhd1 Kh7 30. Be3 b3 31. axb3 Nxb3 32. R1d3 Bxd3 33.
Rxd3 Na5 34. Rd7+ Kg8 35. Bd4 Rc6 36. b4 Nc4 37. Ka2 Nd2 38. c3 Nf3 39. b5 Re6
40. Kb3 Nxd4+ 41. Rxd4 Kf7 42. c4 1-0

[Event "Foxwoods op"]
[Site "Connecticut USA"]
[Date "2005.03.26"]
[Round "6"]
[White "Lein, Anatoly"]
[Black "Thavandiran, Shiyam"]
[Result "1/2-1/2"]
[WhiteElo "2387"]
[BlackElo "2174"]
[PlyCount "48"]
[EventDate "2005.03.23"]
[EventType "swiss"]
[EventRounds "9"]
[EventCountry "USA"]
[Source "Mark Crowther"]
[SourceDate "2005.04.04"]

1. e4 e6 2. c4 d5 3. exd5 exd5 4. d4 Nf6 5. Nf3 Be7 6. Nc3 O-O 7. Be2 c6 8. O-O
dxc4 9. Bxc4 Bg4 10. Be3 Nbd7 11. h3 Nb6 12. Bxf7+ Rxf7 13. hxg4 Nxg4 14. Qb3
Qc7 15. Qe6 Qc8 16. Qxc8+ Rxc8 17. Rae1 Nc4 18. Bc1 Bb4 19. Re2 Bxc3 20. bxc3
Nf6 21. Ne5 Re7 22. Rfe1 Rce8 23. Kf1 Nb6 24. g3 Nfd7 1/2-1/2

[Event "Foxwoods op"]
[Site "Connecticut USA"]
[Date "2005.03.26"]
[Round "7"]
[White "Quan Zhe"]
[Black "Thavandiran, Shiyam"]
[Result "1-0"]
[WhiteElo "2397"]
[BlackElo "2174"]
[PlyCount "81"]
[EventDate "2005.03.23"]
[EventType "swiss"]
[EventRounds "9"]
[EventCountry "USA"]
[Source "Mark Crowther"]
[SourceDate "2005.04.04"]

1. d4 Nf6 2. c4 e6 3. Nc3 Bb4 4. Qc2 O-O 5. a3 Bxc3+ 6. Qxc3 b6 7. Bg5 Ba6 8.
Qf3 Nc6 9. e3 h6 10. Bh4 Bb7 11. Qd1 Ne7 12. Bxf6 gxf6 13. Bd3 f5 14. Nf3 Ng6
15. h4 Qf6 16. h5 Ne7 17. Qe2 d6 18. O-O-O Kh8 19. Rhg1 Rg8 20. g3 c5 21. dxc5
bxc5 22. e4 Rab8 23. Rd2 fxe4 24. Bxe4 Bxe4 25. Qxe4 Rb3 26. Ne1 Rgb8 27. Nd3
Rxa3 28. bxa3 Qa1+ 29. Kc2 Qxg1 30. Rd1 Qh2 31. Rh1 Qxh1 32. Qxh1 Nf5 33. Qe4
f6 34. Kc1 Nd4 35. Qg6 Nb3+ 36. Kd1 Nd4 37. Qxh6+ Kg8 38. Qxf6 Kh7 39. Qf7+ Kh8
40. h6 Rb1+ 41. Kd2 1-0

[Event "Kitchener Futurity"]
[Site "Kitchener CAN"]
[Date "2003.07.26"]
[Round "2"]
[White "Thavandiran, Shiyam"]
[Black "Garcia, Alvaro"]
[Result "0-1"]
[WhiteElo "1996"]
[BlackElo "2125"]
[PlyCount "86"]
[EventDate "2003.07.25"]
[EventType "schev"]
[EventRounds "10"]
[EventCountry "CAN"]
[Source "Mark Crowther"]
[SourceDate "2003.07.28"]

1. e4 e6 2. d4 d5 3. Nd2 Nf6 4. e5 Nfd7 5. Bd3 c5 6. c3 Nc6 7. Ne2 cxd4 8. cxd4
f6 9. exf6 Nxf6 10. Nf3 Bd6 11. O-O Qc7 12. Bg5 O-O 13. Bh4 g6 14. Bg3 Nh5 15.
Bxd6 Qxd6 16. Bb5 Ne7 17. Qd2 a6 18. Ba4 b5 19. Bc2 Rxf3 20. gxf3 Bd7 21. Ng3
Nf4 22. Rfe1 Rf8 23. a4 b4 24. Bd3 Qb6 25. Bf1 Nc6 26. Red1 e5 27. dxe5 Nxe5
28. Qe3 Qf6 29. Ne2 Nxf3+ 30. Kh1 Nh5 31. Bg2 Bg4 32. Nd4 Ng5 33. Bxd5+ Kh8 34.
Rg1 Nh3 35. Raf1 Nxg1 36. Rxg1 Bd7 37. f3 Nf4 38. Be4 Bxa4 39. Ra1 Bd7 40. Qd2
Bh3 41. Ne2 Bg2+ 42. Kg1 Bxf3 43. Qxf4 Qb6+ 0-1

[Event "Kitchener Futurity"]
[Site "Kitchener CAN"]
[Date "2003.07.26"]
[Round "3"]
[White "Day, Lawrence"]
[Black "Thavandiran, Shiyam"]
[Result "1-0"]
[WhiteElo "2294"]
[BlackElo "1996"]
[PlyCount "95"]
[EventDate "2003.07.25"]
[EventType "schev"]
[EventRounds "10"]
[EventCountry "CAN"]
[Source "Mark Crowther"]
[SourceDate "2003.07.28"]

1. e4 e6 2. Qe2 Be7 3. d3 d5 4. f4 c5 5. Nf3 Nc6 6. c3 Nf6 7. e5 Nd7 8. d4 a5
9. Na3 b6 10. Nc2 Qc7 11. Qd1 O-O 12. Be2 Ba6 13. O-O Bxe2 14. Qxe2 Rfc8 15.
Ne3 a4 16. f5 Nf8 17. Bd2 Qd7 18. f6 gxf6 19. Ng4 f5 20. Nh6+ Kg7 21. g4 f4 22.
Bxf4 Ng6 23. Be3 cxd4 24. cxd4 f6 25. exf6+ Bxf6 26. g5 Be7 27. Rf2 Rf8 28.
Raf1 Bd6 29. Ne5 Bxe5 30. Rf7+ Rxf7 31. Rxf7+ Qxf7 32. Nxf7 Kxf7 33. dxe5 Rf8
34. Bxb6 Kg8 35. Qg4 Rf5 36. Qxa4 Ncxe5 37. Qe8+ Kg7 38. Bd4 Rxg5+ 39. Kf1 Kf6
40. a4 Kf5 41. a5 Ke4 42. Bxe5 Rxe5 43. a6 Ke3 44. Qb5 Rf5+ 45. Ke1 Ne5 46.
Qe2+ Kd4 47. a7 Rf8 48. Qf2+ 1-0

[Event "Kitchener Futurity"]
[Site "Kitchener CAN"]
[Date "2003.07.27"]
[Round "4"]
[White "Thavandiran, Shiyam"]
[Black "Hutters, Tomas"]
[Result "0-1"]
[WhiteElo "1996"]
[BlackElo "2400"]
[PlyCount "84"]
[EventDate "2003.07.25"]
[EventType "schev"]
[EventRounds "10"]
[EventCountry "CAN"]
[Source "Mark Crowther"]
[SourceDate "2003.07.28"]

1. e4 c5 2. Nf3 d6 3. d4 cxd4 4. Nxd4 Nf6 5. Nc3 a6 6. Be3 e5 7. Nb3 Be6 8. Be2
Be7 9. Qd2 Nbd7 10. f3 O-O 11. O-O-O b5 12. g4 b4 13. Nd5 Bxd5 14. exd5 a5 15.
g5 Nh5 16. Kb1 a4 17. Nc1 Qb8 18. Nd3 b3 19. cxb3 axb3 20. a3 Bd8 21. Qb4 Bb6
22. Bxb6 Qxb6 23. Qxb6 Nxb6 24. Nb4 Nf4 25. Bb5 Nh3 26. Bc6 Ra7 27. Rdf1 Nc4
28. Kc1 Nf4 29. Rf2 Rb8 30. Kb1 Nxa3+ 31. bxa3 Rxa3 32. Kb2 Ra5 33. Rff1 Rxb4
34. Ra1 Ra2+ 35. Kc3 Rb6 36. Rxa2 bxa2 37. Ra1 Ra6 38. h4 g6 39. Kb4 Kf8 40.
Kb5 Ra3 41. Kb4 Ra7 42. Kb5 Ne2 0-1

[Event "Kitchener Futurity"]
[Site "Kitchener CAN"]
[Date "2003.07.30"]
[Round "7"]
[White "Garcia, Alvaro"]
[Black "Thavandiran, Shiyam"]
[Result "1-0"]
[WhiteElo "2253"]
[BlackElo "1996"]
[PlyCount "63"]
[EventDate "2003.07.25"]
[EventType "schev"]
[EventRounds "10"]
[EventCountry "CAN"]

1. d4 Nf6 2. c4 e6 3. Nf3 b6 4. g3 c5 5. d5 Bb7 6. Nc3 b5 7. dxe6 fxe6 8. Nxb5
a6 9. Nc3 Be7 10. Bg2 O-O 11. O-O d6 12. Bh3 e5 13. Ng5 Nc6 14. Ne6 Qc8 15. Nd5
Nxd5 16. cxd5 Nd4 17. e4 a5 18. Qh5 g6 19. Qh6 Nf3+ 20. Kg2 Rf7 21. Bg5 Nxg5
22. Nxg5 Bxg5 23. Qxg5 Qf8 24. Be6 Ba6 25. f4 Bxf1+ 26. Rxf1 exf4 27. Qxf4 Raa7
28. e5 Kg7 29. Bxf7 Qxf7 30. Qxf7+ Rxf7 31. Rxf7+ Kxf7 32. e6+ 1-0

[Event "Kitchener Futurity"]
[Site "Kitchener CAN"]
[Date "2003.07.31"]
[Round "8"]
[White "Thavandiran, Shiyam"]
[Black "Day, Lawrence"]
[Result "1/2-1/2"]
[WhiteElo "1996"]
[BlackElo "2294"]
[PlyCount "35"]
[EventDate "2003.07.25"]
[EventType "schev"]
[EventRounds "10"]
[EventCountry "CAN"]

1. e4 c5 2. Nf3 e6 3. c3 d5 4. e5 Nc6 5. Bd3 g5 6. Bb5 Bd7 7. Bxc6 Bxc6 8. d4
h6 9. Be3 cxd4 10. cxd4 Qb6 11. Qb3 Qa6 12. Nc3 b5 13. a4 b4 14. Nd1 Bb5 15.
Bd2 Bc4 16. Qc2 Rc8 17. Ne3 Bd3 18. Qb3 1/2-1/2

[Event "Kitchener Futurity"]
[Site "Kitchener CAN"]
[Date "2003.08.01"]
[Round "9"]
[White "Hutters, Tomas"]
[Black "Thavandiran, Shiyam"]
[Result "1-0"]
[WhiteElo "2400"]
[BlackElo "1996"]
[PlyCount "131"]
[EventDate "2003.07.25"]
[EventType "schev"]
[EventRounds "10"]
[EventCountry "CAN"]

1. d4 Nf6 2. c4 e6 3. g3 d5 4. Nf3 Nc6 5. Nbd2 Be7 6. Bg2 O-O 7. O-O b6 8. b3
Ne4 9. Bb2 f5 10. Rc1 Bb7 11. e3 Nb4 12. Ra1 Bf6 13. Qe2 c5 14. Rfd1 Qc7 15. a3
Nc6 16. Rac1 a5 17. cxd5 Ba6 18. Qe1 exd5 19. Bf1 Qb7 20. Nb1 Rfe8 21. Nc3 cxd4
22. Bxa6 Rxa6 23. Nxd5 dxe3 24. Nxf6+ Nxf6 25. Bxf6 gxf6 26. fxe3 Raa8 27. Rd6
Ne5 28. Nxe5 Rxe5 29. Qd2 Rae8 30. Rxf6 Rxe3 31. Rxf5 Qe7 32. Qd5+ Kh8 33. Rcf1
Re1 34. Qd4+ Kg8 35. Qc4+ Kh8 36. Qd4+ Kg8 37. Qxb6 Rxf1+ 38. Kxf1 Qe1+ 39. Kg2
Qe4+ 40. Rf3 Rf8 41. Qe3 Qd5 42. Qd3 Qb7 43. Kf2 Qb6+ 44. Qe3 Rxf3+ 45. Kxf3
Qf6+ 46. Kg4 h5+ 47. Kxh5 Qf7+ 48. Kg4 Qd7+ 49. Kf4 Qd6+ 50. Ke4 Qe6+ 51. Kf4
Qd6+ 52. Kf3 Qd1+ 53. Ke4 Qb1+ 54. Kd5 a4 55. Qe8+ Kg7 56. Qxa4 Qf5+ 57. Kd4
Qg4+ 58. Ke3 Qe6+ 59. Kd3 Qf5+ 60. Qe4 Qb5+ 61. Kc3 Qa5+ 62. Kb2 Qd2+ 63. Qc2
Qd5 64. b4 Kh6 65. Qc1+ Kh5 66. Qc5 1-0

[Event "Toronto Closed"]
[Site "Toronto CAN"]
[Date "2003.02.18"]
[Round "1"]
[White "Shah, Omar"]
[Black "Thavandiran, Shiyam"]
[Result "0-1"]
[WhiteElo "1996"]
[BlackElo "2001"]
[PlyCount "48"]
[EventDate "2003.02.18"]
[EventType "tourn"]
[EventRounds "11"]
[EventCountry "CAN"]

1. e4 e6 2. d4 d5 3. Nc3 Bb4 4. e5 Ne7 5. a3 Bxc3+ 6. bxc3 b6 7. Bb5+ Kf8 8.
Bf1 Ba6 9. Ne2 Nbc6 10. g3 Na5 11. Bh3 Ng6 12. O-O c5 13. f4 Ne7 14. g4 h5 15.
f5 hxg4 16. fxe6 Rxh3 17. Rxf7+ Kg8 18. Bg5 Nac6 19. Nf4 Rf3 20. Qd2 cxd4 21.
Rxg7+ Kxg7 22. Bf6+ Kh7 23. Nh5 Qe8 24. Qg5 Qg6 0-1